Popeye Franchise - Statistics

General Stats
  • This quiz has been taken 13 times
  • The average score is 10 of 253
Answer Stats
Type Year Name Info % Correct
Comic Strip 1919 Popeye Elzie Crisler Segar
100%
Radio Series 1935-1936 Popeye NBC Red Network
100%
Film 1980 Popeye Paramount / Disney
100%
Video Game 1981 Popeye Nintendo
100%
Video Game 1982 Popeye Nintendo
100%
Video Game 1983 Popeye Nintendo
100%
Video Game 1985 Popeye DK'Tronics
100%
Video Game 2007 Popeye Namco
100%
Film TBA Popeye Sony
100%
Short Film 1933 Popeye the Sailor Paramount
50%
TV Show 1960-1962 Popeye the Sailor ABC
50%
Short Film 1947 Abusement Park Paramount
0%
Short Film 1936 A Clean Shaven Man Paramount
0%
Short Film 1938 A Date to Skate Paramount
0%
Short Film 1934 A Dream Walking Paramount
0%
Short Film 1935 Adventures of Popeye Paramount
0%
Short Film 1956 A Haul in One Paramount
0%
Short Film 1942 A Hull of a Mess Paramount
0%
Short Film 1955 A Job for a Gob Paramount
0%
Short Film 1943 A Jolly Good Furlough Paramount
0%
Short Film 1939 Aladdin and His Wonderful Lamp Paramount
0%
Short Film 1947 All's Fair at the Fair Paramount
0%
Short Film 1942 Alona on the Sarong Seas Paramount
0%
Short Film 1951 Alpine for You Paramount
0%
Short Film 1953 Ancient Fistory Paramount
0%
Short Film 1956 Assault and Flattery Paramount
0%
Short Film 1948 A Wolf in Sheik's Clothing Paramount
0%
Short Film 1934 Axe Me Another Paramount
0%
Short Film 1953 Baby Wants a Battle Paramount
0%
Short Film 1942 Baby Wants a Bottleship Paramount
0%
Short Film 1950 Baby Wants Spinach Paramount
0%
Short Film 1949 Barking Dogs Don't Fite Paramount
0%
Short Film 1950 Beach Peach Paramount
0%
Short Film 1955 Beaus Will Be Beaus Paramount
0%
Short Film 1935 Be Kind to "Aminals" Paramount
0%
Short Film 1935 Beware of Barnacle Bill Paramount
0%
Short Film 1952 Big Bad Sinbad Paramount
0%
Short Film 1938 Big Chief Ugh-Amugh-Ugh Paramount
0%
Short Film 1933 Blow Me Down! Paramount
0%
Short Film 1942 Blunder Below Paramount
0%
Short Film 1954 Bride and Gloom Paramount
0%
Short Film 1936 Bridge Ahoy! Paramount
0%
Short Film 1936 Brotherly Love Paramount
0%
Short Film 1938 Bulldozing the Bull Paramount
0%
Short Film 1934 Can You Take It Paramount
0%
Short Film 1955 Car-azy Drivers Paramount
0%
Short Film 1943 Cartoons Ain't Human Paramount
0%
Short Film 1941 Child Psykolojiky Paramount
0%
Short Film 1953 Child Sockology Paramount
0%
Short Film 1935 Choose Your "Weppins" Paramount
0%
Short Film 1955 Cookin' with Gags Paramount
0%
Short Film 1938 Cops Is Always Right Paramount
0%
Short Film 1955 Cops Is Tops Paramount
0%
Short Film 1939 Customers Wanted Paramount
0%
Short Film 1935 Dizzy Divers Paramount
0%
Short Film 1940 Doing Impossikible Stunts Paramount
0%
Short Film 1951 Double-Cross-Country Race Paramount
0%
Short Film 1940 Females Is Fickle Paramount
0%
Short Film 1940 Fightin' Pals Paramount
0%
Short Film 1953 Firemen's Brawl Paramount
0%
Short Film 1942 Fleets of Stren'th Paramount
0%
Short Film 1941 Flies Ain't Human Paramount
0%
Short Film 1954 Floor Flusher Paramount
0%
Short Film 1945 For Better or Nurse Paramount
0%
Short Film 1935 For Better or Worser Paramount
0%
Short Film 1937 Fowl Play Paramount
0%
Short Film 1952 Friend or Phony Paramount
0%
Short Film 1954 Fright to the Finish Paramount
0%
Short Film 1939 Ghosks Is the Bunk Paramount
0%
Short Film 1955 Gift of Gag Paramount
0%
Short Film 1938 Goonland Paramount
0%
Short Film 1954 Gopher Spinach Paramount
0%
Short Film 1954 Greek Mirthology Paramount
0%
Short Film 1950 Gym Jam Paramount
0%
Short Film 1943 Happy Birthdaze Paramount
0%
Short Film 1939 Hello-How Am I Paramount
0%
Short Film 1943 Her Honor the Mare Paramount
0%
Short Film 1956 Hill-Billing and Cooing Paramount
0%
Short Film 1936 Hold the Wire Paramount
0%
Short Film 1937 Hospitaliky Paramount
0%
Short Film 1949 Hot Air Aces Paramount
0%
Short Film 1946 House Tricks? Paramount
0%
Short Film 1950 How Green Is My Spinach Paramount
0%
Short Film 1956 I Don't Scare Paramount
0%
Short Film 1933 I Eats My Spinach Paramount
0%
Short Film 1937 I Likes Babies and Infinks Paramount
0%
Short Film 1947 I'll Be Skiing Ya Paramount
0%
Short Film 1941 I'll Never Crow Again Paramount
0%
Short Film 1936 I'm in the Army Now Paramount
0%
Short Film 1937 I Never Changes My Altitude Paramount
0%
Short Film 1956 Insect to Injury Paramount
0%
Short Film 1936 I-Ski Love-Ski You-Ski Paramount
0%
Short Film 1939 It's the Natural Thing to Do Paramount
0%
Short Film 1936 I Wanna Be a Life Guard Paramount
0%
Short Film 1938 I Yam Love Sick Paramount
0%
Short Film 1933 I Yam What I Yam Paramount
0%
Short Film 1950 Jitterbug Jive Paramount
0%
Short Film 1942 Kickin' the Conga 'Round Paramount
0%
Short Film 1935 King of the Mardi Gras Paramount
0%
Short Film 1946 Klondike Casanova Paramount
0%
Short Film 1938 Learn Polikeness Paramount
0%
Short Film 1939 Leave Well Enough Alone Paramount
0%
Short Film 1938 Let's Celebrake Paramount
0%
Short Film 1936 Let's Get Movin' Paramount
0%
Short Film 1934 Let's Sing with Popeye Paramount
0%
Short Film 1951 Let's Stalk Spinach Paramount
0%
Short Film 1934 Let's You and Him Fight Paramount
0%
Short Film 1936 Little Swee'Pea Paramount
0%
Short Film 1949 Lumberjack and Jill Paramount
0%
Short Film 1952 Lunch with a Punch Paramount
0%
Short Film 1942 Many Tanks Paramount
0%
Short Film 1940 Me Feelins Is Hurt Paramount
0%
Short Film 1942 Me Musical Nephews Paramount
0%
Short Film 1945 Mess Production Paramount
0%
Short Film 1955 Mister and Mistletoe Paramount
0%
Short Film 1937 Morning, Noon and Nightclub Paramount
0%
Short Film 1944 Moving Aweigh Paramount
0%
Short Film 1938 Mutiny Ain't Nice Paramount
0%
Short Film 1937 My Artistical Temperature Paramount
0%
Short Film 1940 My Pop, My Pop Paramount
0%
Short Film 1957 Nearlyweds Paramount
0%
Short Film 1936 Never Kick a Woman Paramount
0%
Short Film 1939 Never Sock a Baby Paramount
0%
Short Film 1941 Nix on Hypnotricks Paramount
0%
Short Film 1940 Nurse-Mates Paramount
0%
Short Film 1955 Nurse to Meet Ya Paramount
0%
Short Film 1942 Olive Oyl and Water Don't Mix Paramount
0%
Short Film 1948 Olive Oyl for President Paramount
0%
Short Film 1941 Olive's Sweepstakes Ticket Paramount
0%
Short Film 1940 Onion Pacific Paramount
0%
Short Film 1937 Organ Grinder's Swing Paramount
0%
Short Film 1956 Out to Punch Paramount
0%
Short Film 1956 Parlez Vous Woo Paramount
0%
Short Film 1957 Patriotic Popeye Paramount
0%
Short Film 1946 Peep in the Deep Paramount
0%
Short Film 1955 Penny Antics Paramount
0%
Short Film 1941 Pest Pilot Paramount
0%
Short Film 1951 Pilgrim Popeye Paramount
0%
Short Film 1942 Pipeye, Pupeye, Poopeye, and Peepeye Paramount
0%
Short Film 1944 Pitchin' Woo at the Zoo Paramount
0%
Short Film 1935 Pleased to Meet Cha! Paramount
0%
Short Film 1938 Plumbing Is a "Pipe" Paramount
0%
Short Film 1952 Popalong Popeye Paramount
0%
Video Game 1991 Popeye 2 Activision
0%
Video Game 1992 Popeye 3: Wrestle Crazy Activision
0%
Theme Park Attraction ???? Popeye and Bluto's Bilge-Rat Barges Universal Orlando
0%
TV Show 1987 Popeye and Son CBS
0%
Short Film 1947 Popeye and the Pirates Paramount
0%
Video Game 1994 Popeye: Beach Volleyball Technōs Japan
0%
Short Film 1956 Popeye for President Paramount
0%
Short Film 1950 Popeye Makes a Movie Paramount
0%
Short Film 1948 Popeye Meets Hercules Paramount
0%
Short Film 1941 Popeye Meets Rip Van Winkle Paramount
0%
TV Special 1972 Popeye Meets the Man Who Hated Laughter ABC
0%
Short Film 1940 Popeye Meets William Tell Paramount
0%
Video Game 1983 Popeye no Eigo Asobi Nintendo
0%
Short Film 1940 Popeye Presents Eugene, the Jeep Paramount
0%
Video Game 2005 Popeye: Rush for Spinach Namco
0%
Short Film 1954 Popeye's 20th Anniversary Paramount
0%
Video Game 1994 Popeye Saves the Earth Midway Games
0%
Web Series 2018-2019 Popeye's Island Adventures YouTube
0%
Short Film 1952 Popeye's Pappy Paramount
0%
Short Film 1949 Popeye's Premiere Paramount
0%
Video Game 2003 Popeye Strength Tester Nova Productions
0%
TV Special 2004 Popeye's Voyage: The Quest for Pappy Fox
0%
Short Film 1953 Popeye, the Ace of Space Paramount
0%
Short Film 1937 Popeye the Sailor Meets Ali Baba's Forty Thieves Paramount
0%
Short Film 1936 Popeye the Sailor Meets Sindbad the Sailor Paramount
0%
Video Game 1994 Popeye: Volume of the Malicious Witch Seahag Technōs Japan
0%
Short Film 1945 Pop-Pie a la Mode Paramount
0%
Short Film 1948 Pre-Hysterical Man Paramount
0%
Short Film 1954 Private Eye Popeye Paramount
0%
Short Film 1941 Problem Pappy Paramount
0%
Short Film 1937 Protek the Weakerist Paramount
0%
Short Film 1951 Punch and Judo Paramount
0%
Short Film 1944 Puppet Love Paramount
0%
Short Film 1940 Puttin on the Act Paramount
0%
Short Film 1950 Quick on the Vigor Paramount
0%
Short Film 1941 Quiet! Pleeze Paramount
0%
Short Film 1943 Ration Fer the Duration Paramount
0%
Short Film 1950 Riot in Rhythm Paramount
0%
Short Film 1948 Robin Hood-Winked Paramount
0%
Short Film 1946 Rocket to Mars Paramount
0%
Short Film 1946 Rodeo Romeo Paramount
0%
Short Film 1947 Safari So Good Paramount
0%
Short Film 1942 Scrap the Japs Paramount
0%
Short Film 1933 Seasin's Greetinks! Paramount
0%
Short Film 1943 Seein' Red, White 'N' Blue Paramount
0%
Short Film 1946 Service with a Guile Paramount
0%
Short Film 1940 Shakesperean Spinach Paramount
0%
Short Film 1945 Shape Ahoy Paramount
0%
Short Film 1953 Shaving Muggs Paramount
0%
Short Film 1944 She-Sick Sailors Paramount
0%
Short Film 1934 Shoein' Hosses Paramount
0%
Short Film 1952 Shuteye Popeye Paramount
0%
Short Film 1949 Silly Hillbilly Paramount
0%
Short Film 1948 Snow Place Like Home Paramount
0%
Short Film 1934 Sock-a-Bye, Baby Paramount
0%
Short Film 1943 Spinach Fer Britain Paramount
0%
Short Film 1944 Spinach Packin' Popeye Paramount
0%
Short Film 1948 Spinach vs Hamburgers Paramount
0%
Short Film 1957 Spooky Swabs Paramount
0%
Short Film 1957 Spree Lunch Paramount
0%
Short Film 1940 Stealin Aint Honest Paramount
0%
Short Film 1934 Strong to the Finich Paramount
0%
Short Film 1952 Swimmer Take All Paramount
0%
Short Film 1948 Symphony in Spinach Paramount
0%
Short Film 1949 Tar with a Star Paramount
0%
Short Film 1954 Taxi-Turvy Paramount
0%
TV Show 1978-1983 The All New Popeye Hour CBS
0%
Short Film 1944 The Anvil Chorus Girl Paramount
0%
Short Film 1957 The Crystal Brawl Paramount
0%
Short Film 1934 The Dance Contest Paramount
0%
Short Film 1950 The Farmer and the Belle Paramount
0%
Short Film 1946 The Fistic Mystic Paramount
0%
Short Film 1949 The Fly's Last Flight Paramount
0%
Short Film 1937 The Football Toucher Downer Paramount
0%
Short Film 1938 The House Builder-Upper Paramount
0%
Short Film 1943 The Hungry Goat Paramount
0%
Short Film 1935 The "Hyp-Nut-Tist" Paramount
0%
Short Film 1946 The Island Fling Paramount
0%
Short Film 1934 The Man on the Flying Trapeze Paramount
0%
Short Film 1943 The Marry-Go-Round Paramount
0%
Short Film 1941 The Mighty Navy Paramount
0%
Short Film 1937 The Paneless Window Washer Paramount
0%
TV Special 1978 The Popeye Show CBS
0%
TV Special 1979 The Popeye Valentine Special: Sweethearts at Sea CBS
0%
Short Film 1947 The Royal Four-Flusher Paramount
0%
Short Film 1935 The Spinach Overture Paramount
0%
Short Film 1936 The Spinach Roadster Paramount
0%
Short Film 1937 The Twisker Pitcher Paramount
0%
Short Film 1934 The Two-Alarm Fire Paramount
0%
Short Film 1951 Thrill of Fair Paramount
0%
Short Film 1943 Too Weak to Work Paramount
0%
Short Film 1945 Tops in the Big Top Paramount
0%
Short Film 1953 Toreadorable Paramount
0%
Short Film 1952 Tots of Fun Paramount
0%
Short Film 1951 Vacation with Play Paramount
0%
Short Film 1936 Vim, Vigor and Vitaliky Paramount
0%
Short Film 1934 We Aim to Please Paramount
0%
Short Film 1944 We're on Our Way to Rio Paramount
0%
Short Film 1936 What--No Spinach? Paramount
0%
Short Film 1948 Wigwam Whoopee Paramount
0%
Short Film 1933 Wild Elephinks Paramount
0%
Short Film 1940 Wimmin Hadn't Oughta Drive Paramount
0%
Short Film 1940 Wimmin Is a Myskery Paramount
0%
Short Film 1940 With Poopdeck Pappy Paramount
0%
Short Film 1938 With the Jeep Paramount
0%
Short Film 1943 Wood-Peckin' Paramount
0%
Short Film 1947 Wotta Knight Paramount
0%
Short Film 1939 Wotta Nitemare Paramount
0%
Short Film 1935 You Gotta Be a Football Hero Paramount
0%
Short Film 1942 You're a Sap, Mr. Jap Paramount
0%
No matching quizzes found
Score Distribution
Percent of People with Each Score
Percentile by Number Answered
Your Score History
You have not taken this quiz